Normal view
MARC view
- Anxiety
Entry Topical Term
001 - CONTROL NUMBER
- control field: 2380
003 - CONTROL NUMBER IDENTIFIER
- control field: OSt
005 - DATE AND TIME OF LATEST TRANSACTION
- control field: 20101201140018.0
008 - FIXED-LENGTH DATA ELEMENTS
- fixed length control field: 101201|||a|||||| | ||| d
040 ## - CATALOGING SOURCE
- Original cataloging agency: OSt
- Transcribing agency: OSt
150 ## - HEADING--TOPICAL TERM
- Topical term or geographic name as entry element: Anxiety
670 ## - SOURCE DATA FOUND
- Source citation: Work cat.: (OSt): Leary, Mark R. 2378, Understanding social anxiety, 1983
670 ## - SOURCE DATA FOUND
- Source citation: Work cat.: (OSt): Leary, Mark R. 2378, Understanding social anxiety, 1983
